| 000 | 00457cas a2200169 4500 | ||
|---|---|---|---|
| 001 | L131 | ||
| 008 | 090401t xxu||||| |||| 00| 0 eng d | ||
| 035 | _a(Sirsi) u98769 | ||
| 041 | _aeng | ||
| 245 | _aValue Added Tax and Duties Reports | ||
| 260 | _bHM Stationery Office | ||
| 350 | _a0 | ||
| 500 | _aName changed at Part 1 1995 from VAT Tribunals Reports First Issue 11 May 94 (1992) Part 5 | ||
| 650 | _aTAXATION | ||
| 942 | _n0 | ||
| 948 | _c01/03/1994 | ||
| 999 |
_c118517 _d118517 |
||